| 000 | 00432nam a22001577a 4500 | ||
|---|---|---|---|
| 005 | 20251108164231.0 | ||
| 008 | 250721s1947 xx 000 0 ara d | ||
| 082 | 1 | 4 | _a618.97/سلا |
| 100 | 1 | _aموسى، سلامه | |
| 245 | 1 | 0 | _aحياتنا بعد الخمسين / |
| 264 | 1 |
_aالقاهرة : _bسلامة موسى للنشر، _c1947. |
|
| 300 | _a160ص | ||
| 650 | 1 | 7 | _aالشيخوخة |
| 942 |
_2ddc _cBK |
||
| 999 |
_c7033 _d7033 |
||